[Event "FRM-chT (Women)"]
[Site "Struga"]
[Date "2022.10.15"]
[Round "2.2"]
[White "Lakinska, Simona"]
[Black "Atalik, Ekaterina"]
[Result "0-1"]
[WhiteElo "1728"]
[BlackElo "2406"]
[PlyCount "60"]
[EventDate "2022.10.14"]
[EventType "team-tourn"]
[EventRounds "7"]
[EventCountry "MKD"]
[SourceTitle "CBM 210 Extra"]
[Source "ChessBase"]
[SourceDate "2022.11.30"]
[SourceVersion "1"]
[SourceVersionDate "2022.11.30"]
[SourceQuality "1"]
[WhiteTeam "Skopje Gambit Asseko (W)"]
[BlackTeam "Skopje Alkaloid (W)"]
[WhiteTeamCountry "MKD"]
[BlackTeamCountry "MKD"]

1. e4 c6 2. d4 d5 3. exd5 cxd5 4. c3 Nf6 5. Bf4 Nc6 6. Bd3 g6 7. Nf3 Bg7 8. Nbd2 0-0 9. 0-0 Nh5 10. Bg3 Nxg3 11. hxg3 Qc7 12. Re1 Bg4 13. Qb3 Rad8 14. Nh2 Bc8 15. f4 f6 16. Ndf3 e5 17. dxe5 fxe5 18. fxe5 Nxe5 19. Qc2 Qb6+ 20. Kh1 Nxd3 21. Qxd3 Qxb2 22. Rad1 Qxc3 23. Qb5 a6 24. Qe2 d4 25. Rd3 Qc6 26. Nd2 Rde8 27. Qd1 Rxe1+ 28. Qxe1 Re8 29. Qd1 Bf5 30. Rf3 Qc7 0-1

[Event "FRM-chT (Women)"]
[Site "Ohrid"]
[Date "2021.08.29"]
[Round "5.4"]
[White "Veleska, Viktorija"]
[Black "Lakinska, Simona"]
[Result "0-1"]
[WhiteElo "1728"]
[BlackElo "1750"]
[PlyCount "56"]
[EventDate "2021.08.25"]
[EventType "team-tourn"]
[EventRounds "7"]
[EventCountry "MKD"]
[SourceTitle "CBM 204 Extra"]
[Source "ChessBase"]
[SourceDate "2021.11.30"]
[SourceVersion "1"]
[SourceVersionDate "2021.11.30"]
[SourceQuality "1"]
[WhiteTeam "Prilep (W)"]
[BlackTeam "Kisela Voda (W)"]
[WhiteTeamCountry "MKD"]
[BlackTeamCountry "MKD"]

1. e4 e5 2. Nf3 Nc6 3. d4 exd4 4. Bc4 d6 5. Ng5 Ne5 6. Bb3 h6 7. f4 hxg5 8. fxe5 dxe5 9. 0-0 f6 10. Qf3 Qe7 11. Bxg8 Rxg8 12. Qh5+ Qf7 13. Qf3 g4 14. Qd3 Rh8 15. g3 Bd7 16. a4 Bc5 17. Nd2 Qh5 18. Rf2 a6 19. b4 Bxb4 20. Rb1 a5 21. Qc4 Qf7 22. Qxc7 Bxa4 23. Qb6 Ra6 24. Rxb4 Rxb6 25. Rxb6 Qc7 26. Rb2 Bxc2 27. Rf1 Qc6 28. Re1 Kf7 0-1

[Event "FRM-ch"]
[Site "Ohrid"]
[Date "2017.08.17"]
[Round "5"]
[White "Lakinska, Simona"]
[Black "Durhan, Batuhan"]
[Result "1/2-1/2"]
[WhiteElo "1763"]
[BlackElo "1622"]
[PlyCount "84"]
[EventDate "2017.08.13"]
[EventType "swiss"]
[EventRounds "9"]
[EventCountry "MKD"]
[SourceTitle "CBM 180 Extra"]
[Source "ChessBase"]
[SourceDate "2017.10.06"]
[SourceVersion "1"]
[SourceVersionDate "2017.10.06"]
[SourceQuality "1"]

1. e4 e5 2. Nf3 Nc6 3. Bc4 Bc5 4. d3 Nf6 5. 0-0 d6 6. h3 a6 7. c3 Ba7 8. Be3 h6 9. Nbd2 g5 10. Nh2 Rg8 11. Bxa7 Rxa7 12. Ng4 Rg6 13. b4 h5 14. Nxf6+ Qxf6 15. Qf3 Qxf3 16. Nxf3 g4 17. Nh4 Rg8 18. hxg4 Rxg4 19. g3 Ne7 20. Kh2 Rg7 21. d4 exd4 22. cxd4 Nc6 23. d5 Nxb4 24. a3 Nc2 25. Ra2 Nd4 26. a4 c6 27. dxc6 Nxc6 28. Rd2 Ke7 29. Rfd1 Ne5 30. Be2 Ng4+ 31. Bxg4 hxg4 32. Rxd6 b5 33. axb5 axb5 34. R6d5 Rb7 35. Rb1 b4 36. Rd4 b3 37. Rd3 Be6 38. Nf5+ Bxf5 39. exf5 Rg5 40. Rdxb3 Rxb3 41. Rxb3 Rxf5 42. Kg2 Rd5 1/2-1/2

[Event "FRM-ch"]
[Site "Ohrid"]
[Date "2017.08.14"]
[Round "2"]
[White "Farmakoski, Georg"]
[Black "Lakinska, Simona"]
[Result "0-1"]
[WhiteElo "1160"]
[BlackElo "1763"]
[PlyCount "46"]
[EventDate "2017.08.13"]
[EventType "swiss"]
[EventRounds "9"]
[EventCountry "MKD"]
[SourceTitle "CBM 180 Extra"]
[Source "ChessBase"]
[SourceDate "2017.10.06"]
[SourceVersion "1"]
[SourceVersionDate "2017.10.06"]
[SourceQuality "1"]

1. e4 e5 2. Nf3 Nc6 3. d4 exd4 4. Nxd4 Nf6 5. Nxc6 bxc6 6. Qe2 Qe7 7. Nc3 d6 8. Bf4 Be6 9. 0-0-0 g6 10. g3 Bg7 11. Bg2 0-0 12. Rhe1 Nd7 13. Qd2 Nb6 14. e5 d5 15. Bh6 Nc4 16. Bxg7 Qb4 17. Na4 Nxd2 18. Bxf8 Kxf8 19. Rxd2 Qxa4 20. a3 Rb8 21. c3 Qb3 22. Ree2 Bf5 23. f3 Qa2 0-1

[Event "Paracin Summer op-B 10th"]
[Site "Paracin"]
[Date "2017.07.07"]
[Round "1"]
[White "Lakinska, Simona"]
[Black "Simic, Petar S"]
[Result "0-1"]
[WhiteElo "1719"]
[BlackElo "2056"]
[PlyCount "56"]
[EventDate "2017.07.07"]
[EventType "swiss"]
[EventRounds "9"]
[EventCountry "SRB"]
[SourceTitle "EXT 2020"]
[Source "ChessBase"]
[SourceDate "2019.10.17"]
[SourceVersion "1"]
[SourceVersionDate "2019.10.17"]
[SourceQuality "1"]

1. e4 c5 2. Nc3 Nc6 3. Bb5 Nd4 4. Bc4 d6 5. Nf3 Nf6 6. d3 Bg4 7. Be3 a6 8. Nd5 e6 9. Nxf6+ Qxf6 10. Bxd4 cxd4 11. h3 Bh5 12. g4 Bg6 13. h4 h5 14. g5 Qf4 15. Nxd4 Bxe4 16. f3 Bg6 17. c3 b5 18. Bb3 Rc8 19. Bc2 Rc5 20. Qd2 Re5+ 21. Kd1 Qg3 22. Qh2 Re1+ 23. Kd2 Qxh2+ 24. Rxh2 Rxa1 25. a3 d5 26. Bd1 Bxd3 27. Rh1 Bg6 28. Nb3 Rb1 0-1

[Event "Olympiad Women-42"]
[Site "Baku"]
[Date "2016.09.11"]
[Round "9.3"]
[White "Abdulzahra, Sali Abbas"]
[Black "Lakinska, Simona"]
[Result "1-0"]
[WhiteElo "1728"]
[BlackElo "1695"]
[PlyCount "97"]
[EventDate "2016.09.02"]
[EventType "team-swiss"]
[EventRounds "11"]
[EventCountry "AZE"]
[SourceTitle "CBM 174 Extra"]
[Source "ChessBase"]
[SourceDate "2016.10.10"]
[SourceVersion "1"]
[SourceVersionDate "2016.10.10"]
[SourceQuality "1"]
[WhiteTeam "Iraq (W)"]
[BlackTeam "Macedonia (W)"]
[WhiteTeamCountry "IRQ"]
[BlackTeamCountry "MKD"]

1. e4 e5 2. Nf3 Nc6 3. Bc4 Nf6 4. Ng5 d5 5. exd5 Nd4 6. c3 Nf5 7. Qe2 Bd6 8. d3 0-0 9. 0-0 h6 10. Ne4 Be7 11. Nxf6+ Bxf6 12. Nd2 a6 13. Ne4 Be7 14. Be3 b5 15. Bb3 Bb7 16. c4 Nd4 17. Bxd4 exd4 18. Rfe1 Qd7 19. Qf3 c6 20. dxc6 Bxc6 21. cxb5 axb5 22. Rac1 Rac8 23. Rc2 Kh8 24. Qg3 Bb4 25. Ree2 Rce8 26. a3 Bxe4 27. axb4 Bd5 28. Bxd5 Rxe2 29. Rxe2 Rc8 30. h3 Qxd5 31. Re5 Rc1+ 32. Kh2 Qd7 33. Qf4 Rc2 34. Re4 Rxb2 35. Rxd4 Qe7 36. Re4 Qd7 37. Rd4 Qe7 38. Qe3 Qc7+ 39. g3 Rb1 40. Qe8+ Kh7 41. Qxb5 Qc8 42. Qd7 Qa8 43. Re4 Qa2 44. Qf5+ g6 45. Qf6 Rb2 46. Kg2 Re2 47. Rxe2 Qxe2 48. Qxf7+ Kh8 49. Qxg6 1-0

[Event "Olympiad Women-42"]
[Site "Baku"]
[Date "2016.09.09"]
[Round "7.3"]
[White "Fuentes Godoy, Lilia Ivonne"]
[Black "Lakinska, Simona"]
[Result "1-0"]
[WhiteElo "2142"]
[BlackElo "1695"]
[PlyCount "131"]
[EventDate "2016.09.02"]
[EventType "team-swiss"]
[EventRounds "11"]
[EventCountry "AZE"]
[SourceTitle "CBM 174 Extra"]
[Source "ChessBase"]
[SourceDate "2016.10.10"]
[SourceVersion "1"]
[SourceVersionDate "2016.10.10"]
[SourceQuality "1"]
[WhiteTeam "Mexico (W)"]
[BlackTeam "Macedonia (W)"]
[WhiteTeamCountry "MEX"]
[BlackTeamCountry "MKD"]

1. d4 Nf6 2. c4 c5 3. d5 b5 4. cxb5 a6 5. bxa6 Bxa6 6. Nc3 d6 7. e4 Bxf1 8. Kxf1 g6 9. Nf3 Nbd7 10. g3 Bg7 11. Kg2 0-0 12. a4 Qb6 13. Qe2 Qb4 14. Bd2 Rfb8 15. Rhb1 Ne8 16. Ne1 Nb6 17. a5 Nd7 18. Nd3 Qc4 19. f4 Nc7 20. Nc1 Qxe2+ 21. N1xe2 Na6 22. Ra4 Rb7 23. Nd1 Rab8 24. Bc3 Rb5 25. Rba1 Nf6 26. Ne3 Nd7 27. Nc4 Bxc3 28. bxc3 Rb1 29. Kf3 Kf8 30. Ke3 Rxa1 31. Rxa1 Ke8 32. e5 dxe5 33. fxe5 Nc7 34. Rd1 Rb3 35. d6 Nb5 36. Rd3 Na3 37. Nd2 Rb5 38. Ke4 Rxa5 39. c4 Nc2 40. dxe7 Kxe7 41. Nb3 Ra3 42. Nc3 f5+ 43. exf6+ Nxf6+ 44. Ke5 Nd7+ 45. Kf4 Nb6 46. Nxc5 Nxc4 47. Rd7+ Ke8 48. Nd5 Nd4 49. Nf6+ Kf8 50. Nxh7+ Kg8 51. Nf6+ Kf8 52. Rxd4 Rc3 53. Rd7 Re3 54. Rd4 Rc3 55. Nd5 Rc2 56. Ne6+ Kf7 57. Ng5+ Kg7 58. Nf3 Na3 59. h4 Nb5 60. Re4 Rc5 61. Re7+ Kf8 62. Rd7 Rc4+ 63. Ke5 Rg4 64. Ng5 Rxg3 65. Ne6+ Kg8 66. Nf6+ 1-0

[Event "Teteven op 31st"]
[Site "Teteven"]
[Date "2016.08.15"]
[Round "3"]
[White "Lakinska, Simona"]
[Black "Janakiev, Ivan"]
[Result "0-1"]
[WhiteElo "1717"]
[BlackElo "2077"]
[PlyCount "84"]
[EventDate "2016.08.13"]
[EventType "swiss"]
[EventRounds "9"]
[EventCountry "BUL"]
[SourceTitle "CBM 173 Extra"]
[Source "ChessBase"]
[SourceDate "2016.08.29"]
[SourceVersion "1"]
[SourceVersionDate "2016.08.29"]
[SourceQuality "1"]

1. c4 Nf6 2. Nc3 d5 3. cxd5 Nxd5 4. g3 Nxc3 5. bxc3 g6 6. Bg2 Bg7 7. Rb1 c6 8. Nf3 0-0 9. h4 h6 10. Qc2 e5 11. d3 Re8 12. Be3 Qe7 13. 0-0 Nd7 14. Qc1 Kh7 15. Re1 Nf6 16. d4 e4 17. Ne5 Ng4 18. Nxg4 Bxg4 19. Qb2 b6 20. a4 c5 21. Qa3 cxd4 22. Qxe7 Rxe7 23. Bxd4 Rc8 24. e3 Rc4 25. Ra1 Rxc3 26. Bxg7 Kxg7 27. a5 b5 28. a6 Bc8 29. Reb1 Rc6 30. Rxb5 Rxa6 31. Rab1 Ra2 32. R5b4 Bf5 33. Rd1 a5 34. Rb5 a4 35. Rd4 a3 36. Ra5 Ra1+ 37. Kh2 a2 38. Rda4 Be6 39. Rxe4 Rc7 40. Rea4 Rc2 41. Rf4 Re1 42. Be4 Rb2 0-1

[Event "FRM-ch op 25th"]
[Site "Struga"]
[Date "2016.07.20"]
[Round "5"]
[White "Jordanov, Mihail"]
[Black "Lakinska, Simona"]
[Result "1-0"]
[WhiteElo "1440"]
[BlackElo "1698"]
[PlyCount "141"]
[EventDate "2016.07.16"]
[EventType "swiss"]
[EventRounds "9"]
[EventCountry "MKD"]
[SourceTitle "CBM 173 Extra"]
[Source "ChessBase"]
[SourceDate "2016.08.29"]
[SourceVersion "1"]
[SourceVersionDate "2016.08.29"]
[SourceQuality "1"]

1. e4 e5 2. Nf3 Nc6 3. Bc4 Nf6 4. d3 Bc5 5. Nc3 d6 6. Be3 Bb6 7. Qd2 Ng4 8. h3 Nxe3 9. fxe3 Be6 10. Bb3 a6 11. 0-0-0 Qd7 12. Ba4 0-0-0 13. d4 exd4 14. exd4 d5 15. Ne5 Qd6 16. Nxc6 bxc6 17. e5 Qd7 18. Ne2 Kb7 19. Qc3 Qe8 20. Qg3 Rg8 21. Nf4 Qe7 22. Bb3 a5 23. c3 Bf5 24. Rhf1 Be4 25. Bc2 Bxc2 26. Kxc2 c5 27. dxc5 Qxc5 28. Qd3 d4 29. Qe4+ Kb8 30. Rxd4 Rxd4 31. Qxd4 Qxd4 32. cxd4 Bxd4 33. Nd5 Bxe5 34. Rxf7 Rd8 35. Ne7 Kb7 36. Rf5 Bd6 37. Nd5 Rd7 38. Ne3 Re7 39. Kd3 Ka6 40. a3 Re5 41. Rxe5 Bxe5 42. Nc4 Bf6 43. a4 c6 44. b3 Ba1 45. g4 Bf6 46. Kc2 Be7 47. Kc3 Bb4+ 48. Kd4 Kb7 49. Ke5 Kc7 50. Ke6 Bc3 51. Kf7 h6 52. h4 Kd7 53. g5 hxg5 54. hxg5 c5 55. g6 Kc6 56. Ne3 Bb2 57. Nf5 Kd5 58. Nxg7 c4 59. bxc4+ Kxc4 60. Ne8 Bh8 61. Ng7 Kb4 62. Kg8 Bxg7 63. Kxg7 Kxa4 64. Kf6 Kb4 65. g7 a4 66. g8Q Ka3 67. Ke5 Kb2 68. Qb8+ Ka2 69. Kd4 a3 70. Kc3 Ka1 71. Kc2 1-0

[Event "Skopje Alkaloid rap op"]
[Site "Skopje"]
[Date "2015.12.06"]
[Round "4"]
[White "Lakinska, Simona"]
[Black "Stanojoski, Zvonko"]
[Result "0-1"]
[WhiteElo "1706"]
[BlackElo "2437"]
[PlyCount "104"]
[EventDate "2015.12.06"]
[EventType "swiss (rapid)"]
[EventRounds "9"]
[EventCountry "MKD"]
[SourceTitle "CBM 169 Extra"]
[Source "ChessBase"]
[SourceDate "2015.12.18"]
[SourceVersion "1"]
[SourceVersionDate "2015.12.18"]
[SourceQuality "1"]

1. e4 c5 2. Nc3 g6 3. f4 Bg7 4. Nf3 e6 5. d3 Ne7 6. g3 0-0 7. Bg2 Nbc6 8. 0-0 d5 9. Ne2 d4 10. h3 f5 11. g4 Rb8 12. Ng3 b5 13. gxf5 exf5 14. e5 Be6 15. h4 Bd5 16. h5 Qd7 17. hxg6 hxg6 18. Ng5 Nd8 19. Qe2 Ne6 20. Nxe6 Qxe6 21. Bxd5 Nxd5 22. Bd2 Kf7 23. Kg2 Rh8 24. Rh1 c4 25. a3 c3 26. bxc3 dxc3 27. Be3 a5 28. Rab1 Qc6 29. Kf2 Rxh1 30. Rxh1 b4 31. axb4 Rxb4 32. Ra1 Nxf4 33. Bxf4 Rxf4+ 34. Ke1 Qf3 35. Qxf3 Rxf3 36. Nf1 Bxe5 37. Rxa5 Kf6 38. Ke2 Rh3 39. Ra6+ Kg5 40. Re6 Bf6 41. Re8 f4 42. Re4 Kf5 43. Rc4 g5 44. Rc5+ Kg6 45. Rc6 g4 46. d4 Kf5 47. d5 Rh1 48. d6 f3+ 49. Kf2 Bd4+ 50. Ke1 g3 51. d7 Rxf1+ 52. Kxf1 g2+ 0-1

[Event "FRM-ch op 24th"]
[Site "Struga"]
[Date "2015.08.29"]
[Round "8"]
[White "Nikolovska, Dragana"]
[Black "Lakinska, Simona"]
[Result "1-0"]
[WhiteElo "1863"]
[BlackElo "1723"]
[PlyCount "105"]
[EventDate "2015.08.22"]
[EventType "swiss"]
[EventRounds "9"]
[EventCountry "MKD"]
[SourceTitle "EXT 2016"]
[Source "ChessBase"]
[SourceDate "2015.10.08"]
[SourceVersion "1"]
[SourceVersionDate "2015.10.08"]
[SourceQuality "1"]

1. e4 e5 2. Nf3 Nc6 3. c3 Nf6 4. d4 d6 5. Be2 exd4 6. cxd4 Be7 7. 0-0 0-0 8. Nc3 Bg4 9. Bf4 Re8 10. h3 Bxf3 11. Bxf3 Bf8 12. Re1 Nd7 13. Qd2 Nb6 14. Rad1 Ne7 15. Bg5 f6 16. Bf4 Ng6 17. Bg3 Rb8 18. Bh5 Rc8 19. Qc2 d5 20. f4 Re7 21. e5 Nh8 22. Bh4 g6 23. Bg4 f5 24. Bf3 Qd7 25. Bxe7 Bxe7 26. Qb3 c6 27. g4 Qe6 28. gxf5 gxf5 29. Kh2 Kf8 30. Qc2 Ng6 31. Ne2 Nc4 32. Ng3 Bh4 33. b3 Bxg3+ 34. Kxg3 Nb6 35. Rg1 Ke7 36. Bh5 Rg8 37. Bxg6 Rxg6+ 38. Kf3 Nd7 39. Rg2 Rxg2 40. Qxg2 Qf7 41. Rg1 Nf8 42. Qg5+ Ke8 43. h4 Ne6 44. Qg8+ Qxg8 45. Rxg8+ Kf7 46. Rb8 Nxd4+ 47. Ke3 Nc2+ 48. Kd2 Nd4 49. Rxb7+ Kg6 50. Kd3 Nf3 51. h5+ Kxh5 52. Rxh7+ Kg6 53. e6 1-0

[Event "FRM-ch op 24th"]
[Site "Struga"]
[Date "2015.08.28"]
[Round "7"]
[White "Lakinska, Simona"]
[Black "Shabanaj, Lefter"]
[Result "0-1"]
[WhiteElo "1723"]
[BlackElo "1653"]
[PlyCount "78"]
[EventDate "2015.08.22"]
[EventType "swiss"]
[EventRounds "9"]
[EventCountry "MKD"]
[SourceTitle "EXT 2016"]
[Source "ChessBase"]
[SourceDate "2015.10.08"]
[SourceVersion "1"]
[SourceVersionDate "2015.10.08"]
[SourceQuality "1"]

1. e4 e6 2. d4 d5 3. Nd2 Nf6 4. e5 Nfd7 5. Ngf3 c5 6. c3 Nc6 7. Nb3 a6 8. Be2 cxd4 9. cxd4 Bb4+ 10. Bd2 Qb6 11. 0-0 Bxd2 12. Qxd2 0-0 13. Rfc1 h6 14. Nc5 Nxc5 15. Rxc5 Bd7 16. Rac1 Rac8 17. h3 Ne7 18. Rxc8 Rxc8 19. Rxc8+ Nxc8 20. Qc2 Ne7 21. Bd3 Nc6 22. Qc3 Qb4 23. Qxb4 Nxb4 24. Bb1 Bb5 25. g3 Nc6 26. Kg2 Be2 27. g4 Bxf3+ 28. Kxf3 Nxd4+ 29. Ke3 Nc6 30. f4 g5 31. b3 Kg7 32. a3 f6 33. exf6+ Kxf6 34. fxg5+ hxg5 35. b4 b5 36. Bd3 Ne5 37. Be2 Nc4+ 38. Bxc4 dxc4 39. Kd4 e5+ 0-1

[Event "FRM-ch op 24th"]
[Site "Struga"]
[Date "2015.08.26"]
[Round "5"]
[White "Lakinska, Simona"]
[Black "Stanojoski, Zvonko"]
[Result "0-1"]
[WhiteElo "1723"]
[BlackElo "2423"]
[PlyCount "42"]
[EventDate "2015.08.22"]
[EventType "swiss"]
[EventRounds "9"]
[EventCountry "MKD"]
[SourceTitle "EXT 2016"]
[Source "ChessBase"]
[SourceDate "2015.10.08"]
[SourceVersion "1"]
[SourceVersionDate "2015.10.08"]
[SourceQuality "1"]

1. e4 c5 2. Nf3 e6 3. c3 d5 4. exd5 Qxd5 5. d4 Nf6 6. Be3 cxd4 7. Nxd4 Nc6 8. Nxc6 Qxc6 9. Nd2 Be7 10. Qf3 Bd7 11. Be2 0-0 12. 0-0 Qc7 13. Bf4 e5 14. Bg3 Bg4 15. Qe3 Bc5 16. Qxe5 Qxe5 17. Bxe5 Bxe2 18. Rfe1 Bd3 19. Bxf6 gxf6 20. Ne4 Bxe4 21. Rxe4 Rad8 0-1

[Event "Vratsa op (Women)"]
[Site "Vratsa"]
[Date "2015.07.24"]
[Round "6"]
[White "Shivacheva, Donika"]
[Black "Lakinska, Simona"]
[Result "1-0"]
[WhiteElo "1894"]
[BlackElo "1629"]
[PlyCount "59"]
[EventDate "2015.07.20"]
[EventType "swiss"]
[EventRounds "9"]
[EventCountry "BUL"]
[SourceTitle "CBM 167 Extra"]
[Source "ChessBase"]
[SourceDate "2015.09.14"]
[SourceVersion "1"]
[SourceVersionDate "2015.09.14"]
[SourceQuality "1"]

1. Nf3 Nf6 2. g3 d5 3. Bg2 e6 4. d3 Be7 5. 0-0 0-0 6. Nbd2 Nbd7 7. Re1 b6 8. e4 Bb7 9. e5 Ne8 10. d4 c5 11. c3 cxd4 12. Nxd4 Qc7 13. f4 Bc5 14. N2f3 Rc8 15. Kh1 Qb8 16. Qc2 g6 17. g4 Ng7 18. Qf2 Rfe8 19. Qh4 Bxd4 20. Nxd4 Rc4 21. Re3 Qd8 22. Qh6 f6 23. Rh3 Nf8 24. b3 Rc8 25. Ba3 a6 26. Bxf8 Kxf8 27. Qxh7 Kf7 28. Rh6 Rg8 29. Qxg6+ Kf8 30. exf6 1-0

[Event "Vratsa op (Women)"]
[Site "Vratsa"]
[Date "2015.07.22"]
[Round "3"]
[White "Lakinska, Simona"]
[Black "Maksimovic, Suzana"]
[Result "0-1"]
[WhiteElo "1629"]
[BlackElo "2238"]
[PlyCount "78"]
[EventDate "2015.07.20"]
[EventType "swiss"]
[EventRounds "9"]
[EventCountry "BUL"]
[SourceTitle "CBM 167 Extra"]
[Source "ChessBase"]
[SourceDate "2015.09.14"]
[SourceVersion "1"]
[SourceVersionDate "2015.09.14"]
[SourceQuality "1"]

1. e4 Nc6 2. d4 d5 3. e5 Bf5 4. Nf3 e6 5. Bb5 h6 6. c3 Nge7 7. Qb3 Qd7 8. Be3 a6 9. Be2 0-0-0 10. Nbd2 g5 11. h3 Bh7 12. g4 Ng6 13. Qd1 Nf4 14. Bxf4 gxf4 15. Nb3 Be4 16. Qd2 f6 17. exf6 e5 18. dxe5 Bxf3 19. Bxf3 Nxe5 20. Be2 Qe6 21. 0-0-0 Qxf6 22. Nd4 h5 23. f3 Bc5 24. Qc2 Bxd4 25. Rxd4 Nc6 26. Rd2 hxg4 27. fxg4 f3 28. Bd3 Qf4 29. Kb1 Kb8 30. Rf2 Qg3 31. Rfh2 Rde8 32. Qf2 Qf4 33. Qd2 Re3 34. Bg6 Qe5 35. Bf7 d4 36. cxd4 Nxd4 37. Bc4 Qe4+ 38. Kc1 Rd8 39. Qf2 Re2 0-1

[Event "Skopje Karposh op"]
[Site "Skopje"]
[Date "2014.04.05"]
[Round "9"]
[White "Lakinska, Simona"]
[Black "Montolio Benedicto, Cesar"]
[Result "1/2-1/2"]
[WhiteElo "1642"]
[BlackElo "1950"]
[PlyCount "58"]
[EventDate "2014.03.29"]
[EventType "swiss"]
[EventRounds "9"]
[EventCountry "MKD"]
[SourceTitle "CBM 159 Extra"]
[Source "ChessBase"]
[SourceDate "2014.04.24"]
[SourceVersion "1"]
[SourceVersionDate "2014.04.24"]
[SourceQuality "1"]

1. e4 e5 2. Nf3 Nc6 3. d4 exd4 4. Nxd4 Nf6 5. Nc3 Bb4 6. Nxc6 bxc6 7. Bd3 d5 8. exd5 cxd5 9. 0-0 0-0 10. Bg5 c6 11. Qf3 Be7 12. h3 Rb8 13. b3 h6 14. Bf4 Bd6 15. Bxd6 Qxd6 16. Ne2 Bd7 17. Nd4 Rfe8 18. Rfe1 Re5 19. Rxe5 Qxe5 20. c3 Re8 21. Ne2 Kf8 22. Qf4 Qxf4 23. Nxf4 Ne4 24. Bxe4 Rxe4 25. Nd3 Re2 26. a4 Bf5 27. Nb4 Bd7 28. Nd3 Bf5 29. Nb4 Bd7 1/2-1/2

[Event "Skopje Karposh op"]
[Site "Skopje"]
[Date "2014.04.01"]
[Round "5"]
[White "Mattes, Heinz"]
[Black "Lakinska, Simona"]
[Result "1-0"]
[WhiteElo "2043"]
[BlackElo "1642"]
[PlyCount "47"]
[EventDate "2014.03.29"]
[EventType "swiss"]
[EventRounds "9"]
[EventCountry "MKD"]
[SourceTitle "CBM 159 Extra"]
[Source "ChessBase"]
[SourceDate "2014.04.24"]
[SourceVersion "1"]
[SourceVersionDate "2014.04.24"]
[SourceQuality "1"]

1. d4 Nf6 2. Nf3 d5 3. e3 e6 4. Bd3 Be7 5. b3 Nbd7 6. Nbd2 c5 7. Bb2 b6 8. 0-0 Bb7 9. Ne5 0-0 10. Qe2 Nxe5 11. dxe5 Ne4 12. Rad1 Qc7 13. f4 Rac8 14. c4 Nxd2 15. Rxd2 dxc4 16. Bxc4 Be4 17. g4 g6 18. f5 exf5 19. e6 Rfd8 20. exf7+ Kf8 21. gxf5 Rxd2 22. Qxd2 Bxf5 23. Qc3 Bd6 24. Qg7+ 1-0

[Event "Skopje Karposh op"]
[Site "Skopje"]
[Date "2014.03.30"]
[Round "3"]
[White "Becker, Carsten"]
[Black "Lakinska, Simona"]
[Result "1-0"]
[WhiteElo "1986"]
[BlackElo "1642"]
[PlyCount "59"]
[EventDate "2014.03.29"]
[EventType "swiss"]
[EventRounds "9"]
[EventCountry "MKD"]
[SourceTitle "CBM 159 Extra"]
[Source "ChessBase"]
[SourceDate "2014.04.24"]
[SourceVersion "1"]
[SourceVersionDate "2014.04.24"]
[SourceQuality "1"]

1. d4 Nf6 2. c4 c5 3. d5 b5 4. cxb5 a6 5. b6 d6 6. Nc3 Qxb6 7. e4 g6 8. Be2 Bg7 9. Nf3 Nbd7 10. Nd2 0-0 11. a4 Ne8 12. a5 Qb7 13. 0-0 Nc7 14. Nc4 Rb8 15. Bg5 Re8 16. f4 Qb3 17. Qd2 Qb7 18. Bd3 Nf8 19. Rae1 Bd7 20. e5 dxe5 21. fxe5 h6 22. Bxh6 Bxh6 23. Qxh6 Nxd5 24. Be4 Bc6 25. Rf3 f5 26. Rh3 Kf7 27. e6+ Nxe6 28. Bxd5 Bxd5 29. Ne5+ Kf6 30. Qxg6# 1-0

[Event "Skopje Karposh op"]
[Site "Skopje"]
[Date "2014.03.30"]
[Round "2"]
[White "Hadzi Manev, Ljubomir"]
[Black "Lakinska, Simona"]
[Result "1-0"]
[WhiteElo "2034"]
[BlackElo "1642"]
[PlyCount "75"]
[EventDate "2014.03.29"]
[EventType "swiss"]
[EventRounds "9"]
[EventCountry "MKD"]
[SourceTitle "CBM 159 Extra"]
[Source "ChessBase"]
[SourceDate "2014.04.24"]
[SourceVersion "1"]
[SourceVersionDate "2014.04.24"]
[SourceQuality "1"]

1. d4 Nf6 2. Bg5 Ne4 3. Bf4 d5 4. e3 Bf5 5. Bd3 e6 6. f3 Nf6 7. Ne2 Be7 8. g4 Bxd3 9. Qxd3 c6 10. Nd2 Bd6 11. 0-0-0 Bxf4 12. Nxf4 Nbd7 13. e4 Qc7 14. e5 Ng8 15. c4 0-0-0 16. Qa3 Kb8 17. Nd3 Qb6 18. c5 Qc7 19. b4 a6 20. Qb3 Ne7 21. a4 b5 22. cxb6 Qxb6 23. Qc3 h5 24. g5 Nf5 25. Nc5 Nxc5 26. bxc5 Qa7 27. Kc2 Kc7 28. Rb1 Rb8 29. Qa5+ Kd7 30. Kd3 Ne7 31. Rb6 Rxb6 32. cxb6 Qb7 33. Nb3 Kd8 34. Nc5 Qb8 35. Qxa6 Nc8 36. b7 Na7 37. Qb6+ Ke7 38. Na6 1-0

[Event "Skopje Karposh op"]
[Site "Skopje"]
[Date "2014.03.29"]
[Round "1"]
[White "Lakinska, Simona"]
[Black "Aharon, Ofir"]
[Result "0-1"]
[WhiteElo "1642"]
[BlackElo "2316"]
[PlyCount "124"]
[EventDate "2014.03.29"]
[EventType "swiss"]
[EventRounds "9"]
[EventCountry "MKD"]
[SourceTitle "CBM 159 Extra"]
[Source "ChessBase"]
[SourceDate "2014.04.24"]
[SourceVersion "1"]
[SourceVersionDate "2014.04.24"]
[SourceQuality "1"]

1. e4 c5 2. Nc3 g6 3. f4 Bg7 4. Nf3 Nc6 5. Bc4 e6 6. 0-0 Nge7 7. d3 d5 8. Bb5 0-0 9. Bxc6 Nxc6 10. Qe1 Rb8 11. e5 b5 12. Ne2 b4 13. Be3 Qe7 14. Qf2 Rb5 15. a4 bxa3 16. bxa3 d4 17. Bd2 Rb2 18. Rfc1 Bb7 19. Rab1 Ra2 20. Ra1 Rxa1 21. Rxa1 Qd7 22. Ng5 Ne7 23. Ng3 Qa4 24. Be1 Qb5 25. a4 Qb2 26. Rd1 Nf5 27. Nxf5 gxf5 28. Qd2 Bc6 29. a5 h6 30. Nf3 Bxf3 31. gxf3 Rb8 32. Qc1 Qa2 33. Qd2 Rb2 34. Rc1 Kh7 35. Kf1 f6 36. Bg3 Kg8 37. Qg2 Kh7 38. Qd2 a6 39. Kg2 Rb5 40. exf6 Bxf6 41. Be1 Bd8 42. Kf1 Bxa5 43. Qe2 Bc7 44. Bg3 a5 45. c4 Qxe2+ 46. Kxe2 Rb2+ 47. Kd1 Rb3 48. Kc2 a4 49. Re1 Rc3+ 50. Kd2 Ba5 51. Rxe6 Rxc4+ 52. Ke2 a3 53. Re7+ Kg6 54. dxc4 a2 55. Be1 a1Q 56. Bxa5 Qxa5 57. Re6+ Kf7 58. Re5 Qa2+ 59. Kd3 Qb3+ 60. Kd2 Qc3+ 61. Kd1 Qa1+ 62. Ke2 Qb2+ 0-1

[Event "EU-ch U14 Girls 23rd"]
[Site "Budva"]
[Date "2013.10.05"]
[Round "6"]
[White "Lakinska, Simona"]
[Black "Babic, Tijana"]
[Result "0-1"]
[WhiteElo "1654"]
[BlackElo "1571"]
[PlyCount "56"]
[EventDate "2013.09.29"]
[EventType "swiss"]
[EventRounds "9"]
[EventCountry "MNE"]
[SourceTitle "EXT 2014"]
[Source "ChessBase"]
[SourceDate "2013.11.20"]
[SourceVersion "1"]
[SourceVersionDate "2013.11.20"]
[SourceQuality "1"]

1. e4 e6 2. d4 d5 3. Nd2 Nf6 4. Bd3 c5 5. dxc5 Bxc5 6. Qe2 Nc6 7. Ngf3 dxe4 8. Bxe4 Nxe4 9. Nxe4 Bb6 10. 0-0 0-0 11. Bf4 e5 12. Rad1 Qe7 13. Bd2 Bg4 14. Qc4 Bxf3 15. gxf3 Rac8 16. Bg5 Qe6 17. Qxe6 fxe6 18. Nd6 Rc7 19. c3 Rxf3 20. Kg2 Rf8 21. Bh4 Rd7 22. Nc4 Rxd1 23. Rxd1 Bc5 24. Rd7 Rf4 25. Nxe5 Nxe5 26. Bg3 Rxf2+ 27. Bxf2 Nxd7 28. Bxc5 Nxc5 0-1